| 000 | 01054cam a22003133a 4500 | ||
|---|---|---|---|
| 001 | 2209 | ||
| 005 | 20231110110248.0 | ||
| 020 |
_a0689865333 _q9781442420687 |
||
| 040 |
_aIG# _cIG# _dDLC _beng |
||
| 050 | 0 | 0 | _aMLCS 2006/44771 |
| 082 | 0 | 4 |
_a395.122 _222 |
| 100 | 1 | _aRicci, Christine | |
| 245 | 1 | 0 |
_aDora's book of manners / _cby Christine Ricci ; illustrated by Susan Hall. |
| 250 | _aThis Simon Spotlight edition 2011 | ||
| 260 |
_aNew York : _bSimon Spotlight, _c2004 |
||
| 300 |
_a22 unnumbered pages : _billustrations _c20x20 cm |
||
| 490 | 1 |
_aDora the Explorer ; _v7 |
|
| 500 | _a"Based on the TV series Dora the Explorer as seen on Nick Jr"--T.p. verso. | ||
| 505 | _aH | ||
| 520 | _aDora and Boots help Mr. Troll mind his manners. | ||
| 521 |
_a500 _bLexile estimate |
||
| 521 |
_aH _bRaz-Plus |
||
| 650 | 0 |
_aCourtesy _vJuvenile fiction. |
|
| 650 | 0 |
_aEtiquette _vJuvenile fiction. |
|
| 650 | 1 |
_aEtiquette _vFiction. |
|
| 700 |
_aHall, Susan _eillustrator |
||
| 906 |
_a7 _bcbc _ccopycat _d2 _encip _f20 _gy-gencatlg |
||
| 942 |
_2ddc _cBK _n0 |
||
| 999 |
_c2209 _d2209 |
||